[Event "SVK-chT3B2 1819"]
[Site "Slovakia"]
[Date "2019.04.14"]
[Round "11.5"]
[White "Kostelansky, Karol"]
[Black "Krisko, Milan"]
[Result "1/2-1/2"]
[WhiteElo "1684"]
[BlackElo "1788"]
[PlyCount "63"]
[EventDate "2018.10.21"]
[EventType "team-tourn"]
[EventRounds "11"]
[EventCountry "SVK"]
[SourceTitle "EXT 2020"]
[Source "ChessBase"]
[SourceDate "2019.10.17"]
[SourceVersion "1"]
[SourceVersionDate "2019.10.17"]
[SourceQuality "1"]
[WhiteTeam "Povazske Podhradie "]
[BlackTeam "Handlova"]
[WhiteTeamCountry "SVK"]
[BlackTeamCountry "SVK"]

1. e4 c5 2. Nf3 d6 3. d4 cxd4 4. Nxd4 Nf6 5. Nc3 a6 6. Be3 e6 7. f3 Be7 8. Qd2 0-0 9. 0-0-0 Qc7 10. g4 h6 11. g5 hxg5 12. Bxg5 Rd8 13. f4 Nc6 14. Be2 b5 15. Bf3 Bb7 16. Rdg1 Nxd4 17. Qxd4 Ne8 18. Rg2 e5 19. Qe3 Bxg5 20. Rxg5 Rd7 21. Rhg1 f6 22. R5g3 Qc5 23. Qxc5 dxc5 24. fxe5 fxe5 25. Rg5 Re7 26. Rd1 Nf6 27. Re1 Rd8 28. Rd1 Rxd1+ 29. Kxd1 c4 30. a3 Kh7 31. Kd2 Kh6 32. h4 1/2-1/2

[Event "SVK-chT2B 1819"]
[Site "Slovakia"]
[Date "2019.03.02"]
[Round "8.8"]
[White "Beres, Tomas"]
[Black "Kostelansky, Karol"]
[Result "1-0"]
[WhiteElo "1827"]
[BlackElo "1693"]
[PlyCount "41"]
[EventDate "2018.10.13"]
[EventType "team-tourn"]
[EventRounds "11"]
[EventCountry "SVK"]
[SourceTitle "CBM 189 Extra"]
[Source "ChessBase"]
[SourceDate "2019.06.03"]
[SourceVersion "1"]
[SourceVersionDate "2019.06.03"]
[SourceQuality "1"]
[WhiteTeam "Tlmace"]
[BlackTeam "Povazske Podhradie"]
[WhiteTeamCountry "SVK"]
[BlackTeamCountry "SVK"]

1. e4 d5 2. exd5 Nf6 3. d4 Bg4 4. Be2 Bxe2 5. Nxe2 Qxd5 6. 0-0 Nc6 7. Bf4 0-0-0 8. c3 e5 9. Be3 Bc5 10. Qa4 Bb6 11. c4 Qa5 12. Qxa5 Bxa5 13. d5 Nb4 14. Na3 a6 15. Rfd1 b5 16. Nc3 bxc4 17. Nxc4 Nc2 18. Nxa5 Nxa1 19. Rxa1 Nxd5 20. Nc6 Rd6 21. Nxd5 1-0

[Event "SVK-chT3B2 1819"]
[Site "Slovakia"]
[Date "2018.10.21"]
[Round "1.4"]
[White "Kostelansky, Karol"]
[Black "Poruban, Lubomir"]
[Result "1-0"]
[WhiteElo "1684"]
[BlackElo "1701"]
[PlyCount "113"]
[EventDate "2018.10.21"]
[EventType "team-tourn"]
[EventRounds "11"]
[EventCountry "SVK"]
[SourceTitle "CBM 189 Extra"]
[Source "ChessBase"]
[SourceDate "2019.06.03"]
[SourceVersion "1"]
[SourceVersionDate "2019.06.03"]
[SourceQuality "1"]
[WhiteTeam "Povazske Podhradie "]
[BlackTeam "Nemsova Horne Srnie"]
[WhiteTeamCountry "SVK"]
[BlackTeamCountry "SVK"]

1. e4 Nf6 2. e5 Nd5 3. c4 Nb6 4. d4 d6 5. exd6 exd6 6. Bd3 Nc6 7. Ne2 Be7 8. 0-0 0-0 9. Be3 Bg4 10. f3 Bh5 11. Nd2 Re8 12. Nb3 Bf6 13. Bf2 Bg6 14. Bxg6 hxg6 15. Rc1 Nd7 16. Re1 Nf8 17. Ng3 Qd7 18. Qd2 b6 19. d5 Ne7 20. Ne4 Nh7 21. Bd4 Nf5 22. Bxf6 Nxf6 23. Nxf6+ gxf6 24. Nd4 Kg7 25. Nc6 a5 26. Qc3 Rxe1+ 27. Rxe1 Re8 28. Kf2 Nh6 29. g4 Ng8 30. Re3 Kf8 31. Qe1 Rxe3 32. Qxe3 Qe8 33. Ke2 Ne7 34. Qxe7+ Qxe7+ 35. Nxe7 Kxe7 36. Ke3 Kd7 37. Kf4 Ke8 38. h4 Kf8 39. h5 Kg7 40. Kg3 f5 41. Kh4 fxg4 42. Kxg4 gxh5+ 43. Kxh5 Kf6 44. Kh6 a4 45. Kh7 Ke5 46. Kg7 f5 47. Kg6 f4 48. Kg5 b5 49. cxb5 Kxd5 50. Kxf4 Kc5 51. Kg5 Kxb5 52. f4 Kc6 53. f5 Kd7 54. Kg6 d5 55. f6 d4 56. f7 Ke7 57. Kg7 1-0

[Event "SVK-chT3B2 1718"]
[Site "Slovakia"]
[Date "2017.12.17"]
[Round "6.7"]
[White "Kostelansky, Karol"]
[Black "Orgon, Patrik"]
[Result "1-0"]
[WhiteElo "1357"]
[BlackElo "1294"]
[PlyCount "99"]
[EventDate "2017.10.08"]
[EventType "team-tourn"]
[EventRounds "11"]
[EventCountry "SVK"]
[SourceTitle "EXT 2019"]
[Source "ChessBase"]
[SourceDate "2018.10.10"]
[SourceVersion "1"]
[SourceVersionDate "2018.10.10"]
[SourceQuality "1"]
[WhiteTeam "Povazske Podhradie II"]
[BlackTeam "Dubnica nad Vahom IV"]
[WhiteTeamCountry "SVK"]
[BlackTeamCountry "SVK"]

1. e4 d5 2. exd5 Qxd5 3. Nc3 Qd8 4. Bc4 Nf6 5. Nf3 Bf5 6. d3 e6 7. Bf4 Bd6 8. Bg3 Nc6 9. Qd2 Qd7 10. 0-0-0 a6 11. a3 b5 12. Bxd6 Qxd6 13. Ba2 b4 14. axb4 Nxb4 15. Bc4 0-0 16. Nh4 Bg6 17. Nxg6 fxg6 18. Qe3 Rfe8 19. h3 Nbd5 20. Qd2 Nxc3 21. Qxc3 Nd5 22. Qd2 Rab8 23. Qa5 Rb6 24. Rhe1 Reb8 25. Rxe6 Qf4+ 26. Qd2 Rxe6 27. Bxd5 Qxd2+ 28. Rxd2 Rbe8 29. Re2 Kf7 30. Bxe6+ Rxe6 31. Rxe6 Kxe6 32. Kd2 c5 33. Ke3 Ke5 34. c3 a5 35. d4+ cxd4+ 36. cxd4+ Kd5 37. Kd3 a4 38. f4 h6 39. h4 h5 40. g3 Kd6 41. Ke4 Ke6 42. d5+ Kf6 43. Kd4 Kf5 44. d6 Kg4 45. Ke3 Kxg3 46. d7 Kxh4 47. d8Q+ Kh3 48. Kf3 Kh2 49. Qg5 Kh3 50. Qg3# 1-0